On the banks of the Thames, Twickenham (Record no. 116482)
[ view plain ]
| 000 -LEADER | |
|---|---|
| fixed length control field | 00935cam a22002055a 4500 |
| 001 - CONTROL NUMBER | |
| control field | L140788 |
| 008 - FIXED-LENGTH DATA ELEMENTS--GENERAL INFORMATION | |
| fixed length control field | 071011s1907 xxk eng u |
| 035 ## - SYSTEM CONTROL NUMBER | |
| System control number | (Sirsi) u140788 |
| 041 0# - LANGUAGE CODE | |
| Language code of text/sound track or separate title | eng |
| 110 2# - MAIN ENTRY--CORPORATE NAME | |
| Corporate name or jurisdiction name as entry element | Chancellor and Sons |
| 245 00 - TITLE STATEMENT | |
| Title | On the banks of the Thames, Twickenham |
| Remainder of title | particulars, plan, view and conditions of sale of a very attractive and unique freehold property known as 'Pope's Villa'...which will be sold at auction by Messrs. Chancellor and Sons at the Auction Mart, Tokenhouse Yard, London (opposite the Bank of England) on Tuesday the 29th day of October 1907... |
| 260 ## - PUBLICATION, DISTRIBUTION, ETC. | |
| Place of publication, distribution, etc. | S.l. |
| Name of publisher, distributor, etc. | s.n. |
| Date of publication, distribution, etc. | [1907] |
| 300 ## - PHYSICAL DESCRIPTION | |
| Extent | [10] p. |
| Other physical details | col. map |
| Dimensions | 31 cm. + |
| Accompanying material | 1 sheet (33 x 20 cm.) |
| 340 ## - PHYSICAL MEDIUM | |
| Material base and configuration | Printed |
| 351 ## - ORGANIZATION AND ARRANGEMENT OF MATERIALS | |
| Hierarchical level | Single item |
| 500 ## - GENERAL NOTE | |
| General note | Item is accompanied by a typed note on the sale. |
| 651 4# - SUBJECT ADDED ENTRY--GEOGRAPHIC NAME | |
| Geographic name | Middlesex |
| 690 ## - LOCAL SUBJECT ADDED ENTRY--TOPICAL TERM (OCLC, RLIN) | |
| Topical term or geographic name as entry element | PROPERTY-PROPERTY ACQUISITION AND DISPOSAL-ACQUISITION AND DISPOSAL AT AUCTION |
| 942 ## - ADDED ENTRY ELEMENTS (KOHA) | |
| Suppress in OPAC | 0 |
| Withdrawn status | Lost status | Source of classification or shelving scheme | Damaged status | Not for loan | Home library | Current library | Shelving location | Date acquired | Total Checkouts | Full call number | Barcode | Date last seen | Copy number | Price effective from | Koha item type |
|---|---|---|---|---|---|---|---|---|---|---|---|---|---|---|---|
| Dewey Decimal Classification | London | London | Basement | 11/10/2007 | BASEMENT BOX 1 | 140788-1001 | 06/08/2019 | 1 | 06/08/2019 | Archive |